00879cam a2200253 a 450000100100000000500170001000800410002702000150006804000230008308200180010610000430012424500480016726000330021530000210024849000440026958600260031365000280033965000310036783000500039891000340044891000070048295201210048999900150061000000807120200929154423.0940215s1991 sp 000 f spa d a843207036X aDO-SdBNPcFMUdDLC a863.64bM971j1 aMuñoz Molina, Antonio,d1956-91503513aEl jinete polaco /cAntonio Muñoz Molina. aBarcelona :bPlaneta,c1991. a577 p. ;c21 cm.1 aAutores españoles e hispanoamericanos aPremio planeta, 1991. 4aNovela española91123 4aLiteratura española9632 0aAutores españoles e hispanoamericanos95042 aCatalogación por copia / LC aWM 001052708MOaGRbGRcHDd2009-09-14iLF1l0o863.64 M971jp8071-10r2020-06-25w2020-06-25y2ZPréstamo interno c7848d7848